[Event "World Series of chess"]
[Site "SchemingMind.com"]
[Date "2021.10.31"]
[Round "-"]
[White "kenneth m day"]
[Black "Raymond de Kemp"]
[Result "1-0"]
[WhiteCountry "USA"]
[BlackCountry "NED"]
[WhiteElo "1659"]
[WhiteRD "54"]
[BlackElo "1804"]
[BlackRD "66"]
[GameID "716968"]

1. e4 c5 2. d4 cxd4 3. c3 dxc3 4. Nxc3 Nc6 5. Nf3 e6 6. Bc4 a6 7. O-O b5 8. Bb3 Nge7 9. Bf4 Ng6 10. Bg3 b4
11. Na4 Bb7 12. Rc1 d6 13. Re1 Be7 14. Qd2 O-O 15. Qe3 Na5 16. Bd1 Rb8 17. Nb6 Bc6 18. Nc4 Nxc4 19. Rxc4 Bd7 20. Bb3 a5
21. Rec1 Bb5 22. Rd4 Qb6 23. h3 e5 24. Rdd1 Qxe3 25. fxe3 Rfc8 26. a4 Ba6 27. Nd2 Be2 28. Re1 Rxc1 29. Rxc1 h5 30. Nc4 Rc8
31. Be1 Bd3 32. Bd2 Rc5 33. Kf2 Bxe4 34. Rd1 Nh4 35. Rg1 Bd5 36. Rc1 Nxg2 37. Rc2 Nh4 38. Nxa5 Rxc2 39. Bxc2 Be6 40. Bxb4 Bxh3
41. Nc6 Kf8 42. Kg3 Bg2 43. Nxe7 Kxe7 44. Kxh4 g6 45. Bd3 Bc6 46. a5 Kd7 47. a6 e4 48. Be2 Kc7 49. Bc4 d5 50. Be2 Kd7
51. Kg5 Ke6 52. Bc3 Kd6 53. Bb4+ Ke5 54. Bc5 Ke6 55. Bf1 Kd7 56. Kf6 Ke8 57. b4
1-0

[Event "World Series of chess"]
[Site "SchemingMind.com"]
[Date "2021.10.31"]
[Round "-"]
[White "Raymond de Kemp"]
[Black "kenneth m day"]
[Result "1-0"]
[WhiteCountry "NED"]
[BlackCountry "USA"]
[WhiteElo "1836"]
[WhiteRD "66"]
[BlackElo "1700"]
[BlackRD "53"]
[GameID "716969"]

1. d4 Nf6 2. Bg5 Ne4 3. Bf4 d5 4. f3 Nf6 5. e4 dxe4 6. Nc3 exf3 7. Nxf3 Bg4 8. h3 Bd7 9. Bc4 e6 10. Qd3 Be7
11. O-O-O O-O 12. g4 Nc6 13. a3 Na5 14. Ba2 Bc6 15. Rh2 Bxf3 16. Qxf3 Nc6 17. d5 exd5 18. Nxd5 Nxd5 19. Bxd5 Bd6 20. Bxd6 cxd6
21. Bxc6 bxc6 22. Qxc6 Qb8 23. Qxd6 Qc8 24. Rhd2 h6 25. Rd5 Re8 26. Rc5 Qb7 27. g5 hxg5 28. Rxg5 Qe4 29. Qg3 g6 30. h4 Rac8
31. c3 Qe2 32. h5 Rb8 33. Rd2 Qf1+ 34. Kc2 Qa1 35. Rxg6+ fxg6 36. Qxg6+ Kh8 37. Qf6+
1-0

[Event "World Series of chess"]
[Site "SchemingMind.com"]
[Date "2021.12.01"]
[Round "-"]
[White "kenneth m day"]
[Black "ModernMonkey"]
[Result "0-1"]
[WhiteCountry "USA"]
[BlackCountry "ENG"]
[WhiteElo "1700"]
[WhiteRD "53"]
[BlackElo "1894"]
[BlackRD "158"]
[GameID "718032"]

1. d4 Nf6 2. Nc3 d5 3. Bg5 Nbd7 4. Nf3 h6 5. Bh4 e6 6. Qd2 Be7 7. O-O-O O-O 8. Bg3 Bb4 9. Qd3 c5 10. e3 c4
11. Qe2 Bxc3 12. bxc3 Ne4 13. Qe1 Qa5 14. Rd2 Qa3+ 15. Kd1 Nxc3#
0-1

[Event "World Series of chess"]
[Site "SchemingMind.com"]
[Date "2021.12.02"]
[Round "-"]
[White "ModernMonkey"]
[Black "kenneth m day"]
[Result "1-0"]
[WhiteCountry "ENG"]
[BlackCountry "USA"]
[WhiteElo "2033"]
[WhiteRD "112"]
[BlackElo "1659"]
[BlackRD "54"]
[GameID "718033"]

1. d4 Nf6 2. c4 e6 3. Nf3 d5 4. Nc3 c5 5. cxd5 exd5 6. g3 Nc6 7. Bg2 Bd7 8. O-O Rc8 9. dxc5 Be7 10. Bg5 O-O
11. Nxd5 h6 12. Bxf6 Bxf6 13. Nxf6+ Qxf6 14. Qxd7 Rfd8 15. Qg4 Qxb2 16. Rab1 Qxe2 17. Rfe1 Qxa2 18. Rxb7 Qd5 19. Nh4 Qxc5 20. Nf5 Qf8
21. Nxh6+ Kh7 22. Be4+ g6 23. Qxg6+
1-0

[Event "World Series of chess"]
[Site "SchemingMind.com"]
[Date "2021.12.01"]
[Round "-"]
[White "Raymond de Kemp"]
[Black "ModernMonkey"]
[Result "0-1"]
[WhiteCountry "NED"]
[BlackCountry "ENG"]
[WhiteElo "1797"]
[WhiteRD "61"]
[BlackElo "2034"]
[BlackRD "108"]
[GameID "718034"]

1. f4 d5 2. Nf3 Nf6 3. e3 g6 4. Be2 Bg7 5. O-O O-O 6. d3 c5 7. Qe1 Nc6 8. Qh4 Qc7 9. Nbd2 e5 10. fxe5 Nxe5
11. Nxe5 Qxe5 12. Nf3 Qe7 13. h3 Re8 14. c3 b6 15. Nh2 Ba6 16. a3 Ne4 17. Qe1 Nd6 18. Qd1 Nf5 19. Rf3 Bh6 20. Ng4 Bg5
21. g3 h5 22. Nf2 Bxe3 23. Bxe3 Nxe3 24. Qd2 Nc2 25. Qf4 Nxa1
0-1

[Event "World Series of chess"]
[Site "SchemingMind.com"]
[Date "2021.12.02"]
[Round "-"]
[White "ModernMonkey"]
[Black "Raymond de Kemp"]
[Result "1-0"]
[WhiteCountry "ENG"]
[BlackCountry "NED"]
[WhiteElo "1894"]
[WhiteRD "158"]
[BlackElo "1836"]
[BlackRD "66"]
[GameID "718035"]

1. e4 d5 2. exd5 Nf6 3. d4 Nxd5 4. Nf3 g6 5. c4 Nb6 6. Nc3 Bg7 7. c5 Nd5 8. Bc4 Nxc3 9. bxc3 Nc6 10. O-O Na5
11. Bb5+ c6 12. Bd3 b6 13. Re1 bxc5 14. Ba3 cxd4 15. Rxe7+ Qxe7 16. Bxe7 Kxe7 17. Qa4
1-0

[Event "World Series of chess"]
[Site "SchemingMind.com"]
[Date "2021.12.09"]
[Round "-"]
[White "kenneth m day"]
[Black "Thomas Jacob Kelly"]
[Result "0-1"]
[WhiteCountry "USA"]
[BlackCountry "USA"]
[WhiteElo "1659"]
[WhiteRD "54"]
[BlackElo "1726"]
[BlackRD "75"]
[GameID "718291"]

1. e4 c5 2. d4 e6 3. Nf3 cxd4 4. Nxd4 Nf6 5. Nc3 d6 6. g4 h6 7. Be3 a6 8. Qd2 Nxg4 9. O-O-O b6 10. Bg2 Bb7
11. h3 Ne5 12. Nf3 Nbd7 13. Nxe5 Nxe5 14. f4 Nc4 15. Qe2 Rc8 16. Bd4 Qh4 17. Kb1 Qxf4 18. Rhf1 Qg5 19. Qf2 f6 20. b3 Na3+
21. Kb2 Qa5 22. Qe3 Qb4 23. Qe2 e5 24. Qd3 exd4 25. Nd5 Bxd5 26. exd5 Rxc2+ 27. Qxc2 Nxc2 28. Kxc2 Be7 29. Rf4 Qc3+ 30. Kb1 Qg3
0-1

[Event "World Series of chess"]
[Site "SchemingMind.com"]
[Date "2021.12.09"]
[Round "-"]
[White "Thomas Jacob Kelly"]
[Black "kenneth m day"]
[Result "0-1"]
[WhiteCountry "USA"]
[BlackCountry "USA"]
[WhiteElo "1726"]
[WhiteRD "75"]
[BlackElo "1659"]
[BlackRD "54"]
[GameID "718292"]

1. e4 e5 2. f4 d5 3. exd5 e4 4. d3 Nf6 5. dxe4 Nxe4 6. Nf3 Bd6 7. Be3 O-O 8. Bd3 Re8 9. O-O Bf5 10. Qc1 Nd7
11. c4 Ndc5 12. Ne1 Qh4 13. Nd2 Nxd3 14. Nxd3 Nf6 15. Nf3 Qh6 16. Nde5 Ng4 17. Nxg4 Bxg4 18. Ne5 Bxe5 19. fxe5 Qh5 20. Bd4 Rad8
21. Qc3 Be2 22. Rf2 Bg4 23. Qg3 Qg6 24. Rf4 Bh5 25. Qxg6 Bxg6 26. b4 Bd3 27. Rc1 Bg6 28. Kf2 h5 29. Rc3 a5 30. Rb3 a4
31. Rd3 Bxd3 32. Bc3 g5
0-1

[Event "World Series of chess"]
[Site "SchemingMind.com"]
[Date "2021.12.10"]
[Round "-"]
[White "Thomas Jacob Kelly"]
[Black "Raymond de Kemp"]
[Result "0-1"]
[WhiteCountry "USA"]
[BlackCountry "NED"]
[WhiteElo "1725"]
[WhiteRD "78"]
[BlackElo "1797"]
[BlackRD "61"]
[GameID "718293"]

1. e4 d5 2. exd5 Nf6 3. c4 c6 4. Qa4 Bd7 5. Qb3 cxd5 6. cxd5 Qc7 7. Nc3 e6 8. Bc4 a6 9. d4 b5 10. Be2 b4
11. Nd1 Nxd5 12. Bf3 Nc6 13. Ne2 Na5 14. Qd3 Bb5 15. Bxd5 Bxd3 16. Bxa8 Bxe2 17. Kxe2 Qc4+ 18. Kf3 Qxd4 19. Be3 Qf6+ 20. Ke2 Bd6
21. Rc1 O-O 22. Be4 Qe7 23. b3 f5 24. Bd3 Qb7 25. f3 Nc6 26. Nb2 f4 27. Bf2 Ne5 28. Be4 Qb5+ 29. Nc4 Rc8 30. Bd3 Nxd3
31. Kxd3 Qf5+ 32. Ke2 Be7 33. Nd6 Qe5+
0-1

[Event "World Series of chess"]
[Site "SchemingMind.com"]
[Date "2021.12.09"]
[Round "-"]
[White "Raymond de Kemp"]
[Black "Thomas Jacob Kelly"]
[Result "0-1"]
[WhiteCountry "NED"]
[BlackCountry "USA"]
[WhiteElo "1797"]
[WhiteRD "61"]
[BlackElo "1725"]
[BlackRD "78"]
[GameID "718294"]

1. d4 f5 2. Bg5 h6 3. Bh4 g5 4. e4 Nf6 5. e5 Ng4 6. h3 Nxe5 7. dxe5 Bg7 8. Nf3 e6 9. Bg3 Nc6 10. Nc3 O-O
11. Bd3 f4 12. Bh2 Nxe5 13. Nxe5 Bxe5 14. Qd2 Qf6 15. Ne4 Qg7 16. c3 b6 17. Qc2 d5 18. Nd2 f3 19. Nxf3 Rxf3 20. gxf3 Bxh2
21. Rxh2 Qe5+ 22. Kd2 Qxh2 23. Bh7+ Kh8 24. Re1 Qxf2+ 25. Re2 Qxf3 26. Qg6 Ba6 27. Rxe6 Qg2+ 28. Kd1 Rf8 29. Rf6 Qe2+ 30. Kc1 Qe3+
31. Kc2 Bd3+ 32. Kb3 Bxg6
0-1

[Event "World Series of chess"]
[Site "SchemingMind.com"]
[Date "2021.12.09"]
[Round "-"]
[White "Thomas Jacob Kelly"]
[Black "ModernMonkey"]
[Result "0-1"]
[WhiteCountry "USA"]
[BlackCountry "ENG"]
[WhiteElo "1719"]
[WhiteRD "83"]
[BlackElo "2043"]
[BlackRD "110"]
[GameID "718295"]

1. e4 c5 2. Nf3 d6 3. d4 cxd4 4. Nxd4 Nf6 5. Nc3 Nc6 6. Bg5 e6 7. Be2 Be7 8. O-O O-O 9. Nxc6 bxc6 10. Kh1 d5
11. e5 Nd7 12. Bxe7 Qxe7 13. f4 Bb7 14. a3 a5 15. Qe1 Ba6 16. Rf3 Bxe2 17. Qxe2 Rfb8 18. b3 Nb6 19. Rg3 a4 20. b4 Nc4
21. Ne4 Kh8 22. Qg4 Qf8 23. Ng5 h6 24. Qh3 Ra7 25. Rf1 Kg8 26. Nxe6 fxe6 27. Qxe6+ Rf7 28. Qxh6 Nd2 29. Rff3 Nxf3 30. gxf3 Rxf4
31. Qxc6 Rd8 32. Kg2 Qe8 33. Qc7 Rd7 34. Qc6 Rc4 35. Qxa4 Qc8 36. Rg5 Rxc2+ 37. Kg3 Rc3 38. h4 Rf7 39. Qd1 Rcxf3+ 40. Qxf3 Rxf3+
41. Kxf3 Qh3+ 42. Kf4 Qxh4+ 43. Kf5 Qh3+ 44. Kf4 Qf1+ 45. Kg4 d4 46. e6 Qf6 47. Rc5 d3 48. Rc8+ Kh7 49. Rc6 Qd4+
0-1

[Event "World Series of chess"]
[Site "SchemingMind.com"]
[Date "2021.12.09"]
[Round "-"]
[White "ModernMonkey"]
[Black "Thomas Jacob Kelly"]
[Result "1-0"]
[WhiteCountry "ENG"]
[BlackCountry "USA"]
[WhiteElo "2033"]
[WhiteRD "112"]
[BlackElo "1726"]
[BlackRD "75"]
[GameID "718296"]

1. e4 e6 2. d4 d5 3. Nc3 Nf6 4. e5 Nfd7 5. f4 c5 6. Nf3 Nc6 7. Be3 Qb6 8. Na4 Qa5+ 9. c3 cxd4 10. b4 Nxb4
11. cxb4 Bxb4+ 12. Bd2 Bxd2+ 13. Nxd2 b5 14. Nb2 Ba6 15. a4 Qc3 16. axb5 Qxb2 17. Rb1 Qa3 18. Rb3 Qe7 19. bxa6 O-O 20. Qa1 Rac8
21. Rb7 Rfd8 22. Bd3 Qc5 23. Nb3 Qc3+ 24. Qxc3 dxc3 25. Ke2 Nc5 26. Nxc5 Rxc5 27. Rxa7 Ra5 28. Rb7 Ra2+ 29. Kf3 Rc8 30. Rhb1 g6
31. Rb8 Rxb8 32. Rxb8+ Kg7 33. Rc8 h6 34. Rxc3
1-0

[Event "World Series of chess"]
[Site "SchemingMind.com"]
[Date "2021.12.16"]
[Round "-"]
[White "Clive Everill"]
[Black "kenneth m day"]
[Result "1-0"]
[WhiteCountry "CZE"]
[BlackCountry "USA"]
[WhiteElo "1671"]
[WhiteRD "58"]
[BlackElo "1650"]
[BlackRD "56"]
[GameID "718434"]

1. c4 Nf6 2. g3 g6 3. Bg2 Bg7 4. d4 d5 5. cxd5 Nxd5 6. e4 Nb6 7. Ne2 O-O 8. O-O Bg4 9. f3 Bd7 10. Nbc3 Nc6
11. b3 e6 12. Ba3 Re8 13. Rc1 Bc8 14. d5 exd5 15. exd5 Ne5 16. Re1 Bd7 17. Kh1 Bf5 18. f4 Nd3 19. Rf1 Nxc1 20. Bxc1 Bg4
21. Bf3 Bh3 22. Bg2 Bf5 23. Nb5 a6 24. Nbc3 Qd7 25. Bf3 Bh3 26. Bg2 Qg4 27. Bf3 Qd7 28. Re1 Re7 29. Bd2 Rae8 30. a4 Qd6
31. Na2 Rd7 32. Bb4 Qf6 33. Bc3 Qd8 34. Bxg7 Kxg7 35. Nac3 Qf6 36. a5 Nc8 37. Na4 Qd6 38. Ng1 Rxe1 39. Qxe1 Re7 40. Qa1+ f6
41. Nxh3 Qb4 42. Qc3 Re1+ 43. Kg2 Qe7 44. Nc5 Nd6 45. Ne6+ Rxe6 46. dxe6 Qxe6 47. Qxc7+ Kh6 48. Bxb7 Nb5 49. Qc2 Nd4 50. Qc4 Qd6
51. Bxa6 Nf5 52. Qd3 Qc6+ 53. Kf2 Nd6 54. b4 Ne4+ 55. Ke2 Nc3+ 56. Kf2 Ne4+ 57. Kg1 Qc1+ 58. Qf1 Qe3+ 59. Nf2 Nd2 60. Qe2 Nf3+
61. Kf1 Qc1+ 62. Nd1 Qc6 63. b5 Qd5 64. b6 Nd4 65. Qg2 Nf3 66. Be2 Nd2+ 67. Kg1 Qc5+ 68. Kh1 Qxa5 69. b7 Qa7 70. Bd3 Nb3
71. Qh3+ Kg7 72. Qd7+ Kh6 73. Be4 Nd2 74. Qxd2
1-0

[Event "World Series of chess"]
[Site "SchemingMind.com"]
[Date "2021.12.16"]
[Round "-"]
[White "kenneth m day"]
[Black "Clive Everill"]
[Result "1/2-1/2"]
[WhiteCountry "USA"]
[BlackCountry "CZE"]
[WhiteElo "1635"]
[WhiteRD "58"]
[BlackElo "1630"]
[BlackRD "59"]
[GameID "718435"]

1. e4 e5 2. Nf3 d6 3. d4 exd4 4. c3 dxc3 5. Nxc3 Be7 6. Be2 Nf6 7. O-O O-O 8. h3 Nbd7 9. Be3 b6 10. Rc1 Bb7
11. Re1 Nxe4 12. Bd3 Nxc3 13. Rxc3 Bf6 14. Rc2 Nc5 15. Be2 Re8 16. Bf4 a6 17. Qd2 Ne4 18. Qd3 Nc5 19. Qd2 Na4 20. b3 Nc5
21. Rcc1 Qd7 22. Nd4 Ne4 23. Qd3 Nc5 24. Qd2 Bxd4 25. Qxd4 Ne6 26. Qd2 Nxf4 27. Qxf4 Re4 28. Qd2 Rae8 29. Kf1 Qe6 30. Rxc7 Bd5
31. Rc2 Bb7 32. f3 Re3 33. Kf2 d5 34. Rc3 d4 35. Bc4 dxc3 36. Qxe3 Qxe3+ 37. Rxe3 Rxe3 38. Kxe3=
1/2-1/2

[Event "World Series of chess"]
[Site "SchemingMind.com"]
[Date "2021.12.16"]
[Round "-"]
[White "Clive Everill"]
[Black "Thomas Jacob Kelly"]
[Result "0-1"]
[WhiteCountry "CZE"]
[BlackCountry "USA"]
[WhiteElo "1640"]
[WhiteRD "58"]
[BlackElo "1726"]
[BlackRD "75"]
[GameID "718436"]

1. e4 e6 2. d4 d5 3. Nd2 c5 4. exd5 Qxd5 5. Ngf3 cxd4 6. Bc4 Qd6 7. O-O Nf6 8. Nb3 Nc6 9. Nbxd4 Nxd4 10. Nxd4 a6
11. Re1 Qc7 12. Bb3 Bd6 13. h3 O-O 14. Bg5 Bh2+ 15. Kf1 Be5 16. c3 Bd7 17. Qe2 Bxd4 18. cxd4 Bb5
0-1

[Event "World Series of chess"]
[Site "SchemingMind.com"]
[Date "2021.12.16"]
[Round "-"]
[White "Thomas Jacob Kelly"]
[Black "Clive Everill"]
[Result "1-0"]
[WhiteCountry "USA"]
[BlackCountry "CZE"]
[WhiteElo "1726"]
[WhiteRD "75"]
[BlackElo "1640"]
[BlackRD "58"]
[GameID "718437"]

1. e4 e5 2. Nf3 Nc6 3. Bc4 Nf6 4. Ng5 d5 5. exd5 Na5 6. Bb5+ c6 7. dxc6 bxc6 8. Be2 h6 9. Nf3 e4 10. Ne5 Bc5
11. c3 O-O 12. b4 Bd6 13. Nxf7 Rxf7 14. bxa5 Qxa5 15. a4 Bf5 16. Ba3 c5 17. Bc4 Bg6 18. h4 Nh5 19. Qg4 Kh7 20. Bxf7 Bxf7
21. Qxe4+ Bg6 22. Qxa8 Qxa4 23. Bb2 Qg4 24. Qf3 Qe6+ 25. Qe3 Qg4 26. Na3 Qxg2 27. O-O-O Qb7 28. Nc4 Bf4 29. Qxc5 Qb3 30. Na3 Nf6
31. h5 Be4 32. Rh4 Bg5 33. Rxe4 Nxe4 34. Qf5+
1-0

[Event "World Series of chess"]
[Site "SchemingMind.com"]
[Date "2021.12.17"]
[Round "-"]
[White "Clive Everill"]
[Black "Raymond de Kemp"]
[Result "0-1"]
[WhiteCountry "CZE"]
[BlackCountry "NED"]
[WhiteElo "1630"]
[WhiteRD "59"]
[BlackElo "1797"]
[BlackRD "61"]
[GameID "718438"]

1. c4 Nf6 2. g3 e5 3. Bg2 g6 4. Nc3 Bg7 5. e4 O-O 6. Nge2 d6 7. O-O c6 8. d4 exd4 9. Nxd4 c5 10. Ndb5 Ne8
11. Nd5 a6 12. Nbc3 Nf6 13. Bg5 Nbd7 14. Bh3 h6 15. Bf4 Nb6 16. Bxc8 Rxc8 17. Nxb6 Qxb6 18. Na4 Qc6 19. f3 Rcd8 20. Nc3 Ne8
21. Nd5 Bd4+ 22. Kh1 g5 23. Bd2 Rd7 24. Rb1 b5 25. cxb5 axb5 26. f4 f6 27. fxg5 hxg5 28. Qg4 Rff7 29. Rf5 Ng7 30. Rf3 f5
31. Qxg5 fxe4 32. Rxf7 Rxf7 33. Ne7+ Rxe7 34. Qxe7 e3+ 35. Kg1 exd2+ 36. Kf1 Qf3#
0-1

[Event "World Series of chess"]
[Site "SchemingMind.com"]
[Date "2021.12.18"]
[Round "-"]
[White "Raymond de Kemp"]
[Black "Clive Everill"]
[Result "1-0"]
[WhiteCountry "NED"]
[BlackCountry "CZE"]
[WhiteElo "1797"]
[WhiteRD "61"]
[BlackElo "1630"]
[BlackRD "59"]
[GameID "718439"]

1. f4 d5 2. Nf3 g6 3. g3 Bg7 4. Bg2 Nh6 5. d3 d4 6. c3 c5 7. O-O Nf5 8. e4 dxe3 9. Na3 h5 10. Nc4 Nc6
11. Nxe3 Qd6 12. Nc4 Qc7 13. Re1 Be6 14. Nfe5 Nxe5 15. fxe5 b5 16. Bxa8 bxc4 17. Qa4+ Kf8 18. dxc4 Bxe5 19. Qc6 Qb8 20. Bf4 Bxf4
21. gxf4 Qxf4 22. Qxc5 Bxc4 23. Qe5 Qg4+ 24. Bg2 f6 25. Qb8+ Kg7 26. Qxa7 Bd5 27. Qf2 Bxg2 28. Qxg2 Qc4 29. Re4 Qc7 30. Rf1 Nd6
31. Re2 e5 32. Qf3 Rf8 33. Rg2 Kh7 34. a4 e4 35. Qe3 Qb7 36. Qg3 Qb6+ 37. Kh1 g5 38. Rd2 Nf5 39. Rxf5
1-0

[Event "World Series of chess"]
[Site "SchemingMind.com"]
[Date "2021.12.16"]
[Round "-"]
[White "Clive Everill"]
[Black "ModernMonkey"]
[Result "0-1"]
[WhiteCountry "CZE"]
[BlackCountry "ENG"]
[WhiteElo "1640"]
[WhiteRD "58"]
[BlackElo "2033"]
[BlackRD "112"]
[GameID "718440"]

1. e4 c5 2. Nc3 Nc6 3. Nf3 g6 4. d4 cxd4 5. Nxd4 Bg7 6. Nb3 Nf6 7. Be2 O-O 8. O-O d6 9. Re1 Be6 10. Bg5 Rc8
11. Bf1 Nd7 12. Qd2 Re8 13. Rab1 a6 14. f4 Qb6+ 15. Kh1 Nc5 16. Nxc5 Qxc5 17. Na4 Qb4 18. Qxb4 Nxb4 19. c3 Nc2 20. Re2 Bxa2
21. Rc1 Nd4 22. Ree1 Ne6 23. g3 h6 24. Bh4 g5 25. f5 Nc5 26. Nxc5 Rxc5 27. Bxg5 hxg5 28. Ra1 Bb3 29. Bg2 d5 30. e5 e6
31. f6 Bh6 32. g4 a5 33. h3 a4 34. Bf1 b5 35. Kh2 Rb8 36. Bd3 b4 37. cxb4 Rxb4 38. Re2 Bc4 39. Bxc4 Rcxc4 40. Ra3 Bf8
41. Rd3 Bc5 42. Rdd2 Rd4 43. Rc2 Rbc4 44. Rcd2 Rxd2 45. Rxd2 Bd4 46. Rc2 Rxc2+
0-1

[Event "World Series of chess"]
[Site "SchemingMind.com"]
[Date "2021.12.16"]
[Round "-"]
[White "ModernMonkey"]
[Black "Clive Everill"]
[Result "1-0"]
[WhiteCountry "ENG"]
[BlackCountry "CZE"]
[WhiteElo "2033"]
[WhiteRD "112"]
[BlackElo "1640"]
[BlackRD "58"]
[GameID "718441"]

1. d4 Nf6 2. c4 e6 3. Nf3 d5 4. Nc3 Be7 5. Bf4 O-O 6. e3 Nbd7 7. c5 Ne4 8. Rc1 f5 9. h3 c6 10. Be2 b6
11. cxb6 axb6 12. O-O Ba6 13. Bxa6 Rxa6 14. a4 c5 15. Nb5 g5 16. Nc7 gxf4 17. Nxa6 fxe3 18. fxe3 Qc8 19. Nb4 Qb7 20. Nd3 c4
21. Nde5 Ndf6 22. Nd2 Ng3 23. Rf2 Bd6 24. Nef3 Nfe4 25. Nxe4 fxe4 26. Ne5 Rxf2 27. Qg4+ Kh8 28. Kxf2 Bxe5 29. dxe5 Nf5 30. Qg5 Qd7
31. Qf6+ Kg8 32. g4 Ne7 33. Kg3 Ng6 34. h4 Nf8 35. Rf1 Qg7 36. Qxg7+ Kxg7 37. Rf6 h6 38. h5 Nd7 39. Rxe6 Nc5 40. Rxb6 Nxa4
41. Rb4 Nc5 42. Rb5 Nd3 43. Rxd5 Nxb2 44. Rc5 Kf7 45. Rc6 Ke7 46. e6 Kf6 47. Kf4 Ke7 48. Kf5 Nd1 49. Rc7+ Ke8 50. Kf6
1-0

[Event "World Series of chess"]
[Site "SchemingMind.com"]
[Date "2021.12.16"]
[Round "-"]
[White "Clive Everill"]
[Black "witkatz"]
[Result "0-1"]
[WhiteCountry "CZE"]
[BlackCountry "GER"]
[WhiteElo "1640"]
[WhiteRD "58"]
[BlackElo "1803"]
[BlackRD "77"]
[GameID "718443"]

1. e4 Nf6 2. e5 Nd5 3. d4 d6 4. Nf3 g6 5. Bc4 Nb6 6. Bb3 Bg7 7. Ng5 e6 8. Qf3 O-O 9. Qh3 h5 10. Bxe6 fxe6
11. O-O dxe5 12. dxe5 Bxe5 13. c3 Nd5 14. Na3 Bf4 15. Bxf4 Nxf4 16. Qh4 e5 17. Rad1 Qf6 18. Nf3 Qxh4 19. Nxh4 Nc6 20. Nb5 Rf7
21. Rfe1 Be6 22. g3 Nh3+ 23. Kh1 Nxf2+ 24. Kg1 Nxd1 25. Rxd1 Rd8 26. Re1 Rfd7
0-1

[Event "World Series of chess"]
[Site "SchemingMind.com"]
[Date "2021.12.16"]
[Round "-"]
[White "witkatz"]
[Black "Clive Everill"]
[Result "1/2-1/2"]
[WhiteCountry "GER"]
[BlackCountry "CZE"]
[WhiteElo "1803"]
[WhiteRD "77"]
[BlackElo "1640"]
[BlackRD "58"]
[GameID "718444"]

1. e4 e5 2. Nf3 Nc6 3. d4 exd4 4. Bc4 Nf6 5. e5 d5 6. Bb5 Ne4 7. Nxd4 Bc5 8. Be3 Bd7 9. Bxc6 bxc6 10. O-O Qe7
11. Nd2 Qxe5 12. N4f3 Qxb2 13. Nxe4 Bxe3 14. Re1 dxe4 15. Rxe3 Bf5 16. Rb1 Qf6 17. Qd4 Qxd4 18. Nxd4 Bg6 19. Nxc6 O-O 20. Ne7+ Kh8
21. Nxg6+ fxg6 22. Rxe4 Rf7 23. Rbe1 Raf8 24. Re8 Rxf2 25. Rxf8+ Rxf8 26. Re7 Rc8=
1/2-1/2

[Event "World Series of chess"]
[Site "SchemingMind.com"]
[Date "2021.12.16"]
[Round "-"]
[White "kenneth m day"]
[Black "witkatz"]
[Result "0-1"]
[WhiteCountry "USA"]
[BlackCountry "GER"]
[WhiteElo "1635"]
[WhiteRD "58"]
[BlackElo "1838"]
[BlackRD "73"]
[GameID "718445"]

1. e4 d5 2. exd5 Qxd5 3. Nc3 Qd6 4. d4 Nf6 5. Nf3 g6 6. Be2 Bg7 7. O-O O-O 8. h3 c5 9. Be3 b6 10. Qd2 Bb7
11. Rad1 Nc6 12. Bf4 Qd7 13. d5 Nd4 14. Nxd4 cxd4 15. Qxd4 Nxd5 16. Be5 Bxe5 17. Qxe5 e6 18. Bf3 f6 19. Qe1 Qf7 20. Nxd5 exd5
21. Qc3 Rac8 22. Qd3 Rfd8 23. Qb3 Ba6 24. Rfe1 Bc4 25. Qb4 Rb8 26. Re7 Qf8 27. Rde1 Rd7 28. a3 a5
0-1

[Event "World Series of chess"]
[Site "SchemingMind.com"]
[Date "2021.12.17"]
[Round "-"]
[White "witkatz"]
[Black "kenneth m day"]
[Result "1-0"]
[WhiteCountry "GER"]
[BlackCountry "USA"]
[WhiteElo "1803"]
[WhiteRD "77"]
[BlackElo "1659"]
[BlackRD "54"]
[GameID "718446"]

1. e4 e5 2. Nf3 d5 3. exd5 Bd6 4. d4 e4 5. Ne5 Nf6 6. c4 O-O 7. Be2 c6 8. dxc6 Nxc6 9. Nxc6 bxc6 10. O-O Bf5
11. Nc3 Qc7 12. g3 Rab8 13. c5 Be7 14. Bf4 Qb7 15. Bxb8 Rxb8 16. Qd2 Qxb2 17. Qxb2 Rxb2 18. Rab1 Rxb1 19. Rxb1 h6 20. Rb7 a6
21. Rxe7 Kf8 22. Ra7 Nd5 23. Nxd5 cxd5 24. c6
1-0

[Event "World Series of chess"]
[Site "SchemingMind.com"]
[Date "2021.12.16"]
[Round "-"]
[White "Thomas Jacob Kelly"]
[Black "witkatz"]
[Result "1-0"]
[WhiteCountry "USA"]
[BlackCountry "GER"]
[WhiteElo "1726"]
[WhiteRD "75"]
[BlackElo "1803"]
[BlackRD "77"]
[GameID "718447"]

1. e4 d6 2. Nf3 Nf6 3. Nc3 g6 4. d4 Bg7 5. Be2 O-O 6. O-O c6 7. h3 Nbd7 8. a4 a5 9. d5 cxd5 10. exd5 b6
11. Be3 Bb7 12. Bc4 Ne5 13. Bb3 Nxf3+ 14. Qxf3 e6 15. Rad1 e5 16. Rfe1 Nd7 17. Ne4 Nc5 18. Nxc5 bxc5 19. Bc1 f5 20. c4 e4
21. Qg3 Be5 22. f4 exf3 23. Qxf3 Re8 24. Kf1 Qf6 25. Re2 Re7 26. Rde1 Rae8 27. Bd1 Ba6 28. b3 Bd4 29. Bd2 Rxe2 30. Rxe2 Rxe2
31. Bxe2 Bc8 32. Bxa5 f4 33. Bd2 g5 34. Bd3 Bf5 35. g4 Bxd3+ 36. Qxd3 h6 37. Kg2 Be3 38. Bxe3 fxe3 39. Qxe3 Qb2+ 40. Kg3 Qg7
41. a5 Qa7 42. Qe6+
1-0

[Event "World Series of chess"]
[Site "SchemingMind.com"]
[Date "2021.12.16"]
[Round "-"]
[White "witkatz"]
[Black "Thomas Jacob Kelly"]
[Result "1/2-1/2"]
[WhiteCountry "GER"]
[BlackCountry "USA"]
[WhiteElo "1803"]
[WhiteRD "77"]
[BlackElo "1726"]
[BlackRD "75"]
[GameID "718448"]

1. e4 g6 2. d4 c6 3. Nc3 d5 4. Nf3 Bg7 5. h3 Nf6 6. e5 Ne4 7. Bd3 f6 8. exf6 Nxf6 9. O-O Na6 10. a3 Nc7
11. Be3 Qd6 12. Qd2 Ne6 13. Ng5 Nxg5 14. Bxg5 Bf5 15. Bxf5 gxf5 16. Bh6 Bxh6 17. Qxh6 O-O-O 18. Rfe1 Rhg8 19. Re5 Rg6 20. Qf4 Rdg8
21. g3 e6 22. Rae1 Nh5 23. Qh4 Rg5 24. Rxe6 Qf4 25. Qxf4 Nxf4 26. Re8+ Rxe8 27. Rxe8+ Kd7 28. h4 Kxe8 29. hxg5 Nh3+ 30. Kg2=
1/2-1/2

[Event "World Series of chess"]
[Site "SchemingMind.com"]
[Date "2021.12.16"]
[Round "-"]
[White "Raymond de Kemp"]
[Black "witkatz"]
[Result "0-1"]
[WhiteCountry "NED"]
[BlackCountry "GER"]
[WhiteElo "1797"]
[WhiteRD "61"]
[BlackElo "1838"]
[BlackRD "73"]
[GameID "718449"]

1. d4 Nf6 2. Bf4 g6 3. Nc3 d5 4. e3 Bg7 5. h4 h5 6. Nf3 O-O 7. Ne5 c5 8. Be2 cxd4 9. exd4 Nc6 10. g4 Nxg4
11. Nxg4 Bxg4 12. Bxg4 Nxd4 13. Bh3 e6 14. Bg2 Qb6 15. Na4 Qb4+ 16. c3 Nc2+ 17. Qxc2 Qxf4 18. Nc5 b6 19. Nd3 Qf6 20. O-O-O Rac8
21. Kb1 a5 22. Rh3 b5 23. a3 d4 24. Rf3 Qxh4 25. Rf4 Qg5 26. f3 dxc3 27. bxc3 Rxc3 28. Qd2 Rxd3
0-1

[Event "World Series of chess"]
[Site "SchemingMind.com"]
[Date "2021.12.16"]
[Round "-"]
[White "witkatz"]
[Black "Raymond de Kemp"]
[Result "1-0"]
[WhiteCountry "GER"]
[BlackCountry "NED"]
[WhiteElo "1838"]
[WhiteRD "73"]
[BlackElo "1797"]
[BlackRD "61"]
[GameID "718450"]

1. d4 Nf6 2. Bg5 g6 3. Bxf6 exf6 4. c4 d5 5. cxd5 Qxd5 6. Nc3 Qd8 7. e4 c6 8. Nf3 Bd6 9. Be2 O-O 10. O-O Nd7
11. Bc4 Nb6 12. Bb3 Bg4 13. h3 Bxf3 14. Qxf3 Rc8 15. Rad1 Nd7 16. e5 Be7 17. Ne4 fxe5 18. dxe5 Nxe5 19. Bxf7+ Rxf7 20. Rxd8+ Rxd8
21. Qb3 b6 22. f4 Nd7 23. Ng5 Bxg5 24. fxg5 Rf8 25. Rxf7 Rxf7 26. Qe6 c5 27. h4 Kf8 28. g4 Re7 29. Qd5 Ne5 30. Kg2 c4
31. Kg3 a5 32. h5 Nd7 33. Qxc4 Ne5 34. Qf4+ Nf7 35. h6 Rd7 36. Qb8+ Rd8 37. Qxb6 Rd5 38. Qf6 Rd6 39. Qg7+
1-0